000 00500nam a2200181Ia 4500
003 GCL
008 140319s9999 xx 000 0 ara d
040 _aGCL /
_cGCL
082 0 4 _aد
_b050
100 1 _aمحمد الدسوقى
245 1 0 _aطه حسين :يتحدث عن اعلام عصرة (اقرا 578 ) /
_cمحمد الدسوقى
300 _a102
490 _aاقرأ
_v0
650 0 4 _aالادب العربى
650 0 4 _aالادباء
650 0 4 _aطه حسين
942 _2ddc
_cBK
999 _c48652
_d48652